| 000 | 01421cam a22003254a 4500 | ||
|---|---|---|---|
| 001 | 13563158 | ||
| 005 | 20250319103717.0 | ||
| 008 | 040419s2005 enkb b 001 0 eng | ||
| 010 | _a 2004049739 | ||
| 020 | _a0521005809 (pbk.) | ||
| 020 | _a0521803322 (hardback) | ||
| 040 |
_aDLC _cDLC _dDLC |
||
| 042 | _apcc | ||
| 043 | _aaw----- | ||
| 050 | 0 | 0 |
_aKBP55 _b.H35 2005 |
| 082 | 0 | 0 |
_a340.5909 _bHAL |
| 100 | 1 |
_aHallaq, Wael B., _d1955- _989722 |
|
| 245 | 1 | 4 |
_aThe origins and evolution of Islamic law / _cWael B. Hallaq. |
| 260 |
_aCambridge, UK ; _aNew York : _bCambridge University Press, _c2005. |
||
| 300 |
_aix, 234 p. : _bmaps ; _c23 cm. |
||
| 440 | 0 |
_aThemes in Islamic law ; _v1 _990010 |
|
| 504 | _aIncludes bibliographical references (p. 217-228) and index. | ||
| 650 | 0 |
_aIslamic law _xHistory _yTo 1500. _9128485 |
|
| 856 | 4 | 1 |
_3Table of contents _uhttp://www.loc.gov/catdir/toc/cam051/2004049739.html |
| 856 | 4 | 2 |
_3Publisher description _uhttp://www.loc.gov/catdir/description/cam041/2004049739.html |
| 856 | 4 | 2 |
_3Contributor biographical information _uhttp://www.loc.gov/catdir/enhancements/fy0732/2004049739-b.html |
| 906 |
_a7 _bcbc _corignew _d1 _eocip _f20 _gy-gencatlg |
||
| 942 |
_2ddc _cBK |
||
| 999 |
_c613431 _d613431 |
||